[Event "CZE-chT2E 2122"]
[Site "Czech Republic"]
[Date "2022.04.03"]
[Round "11.8"]
[White "Riha, Otmar"]
[Black "Fryda, Dominik1111"]
[Result "1-0"]
[WhiteElo "1926"]
[BlackElo "1776"]
[PlyCount "85"]
[EventDate "2021.10.17"]
[EventType "team-tourn"]
[EventRounds "11"]
[EventCountry "CZE"]
[SourceTitle "EXT 2024"]
[Source "ChessBase"]
[SourceDate "2023.10.10"]
[SourceVersion "1"]
[SourceVersionDate "2023.10.10"]
[SourceQuality "1"]
[WhiteTeam "Brno VSK Univ"]
[BlackTeam "Brno Lokomotiva"]
[WhiteTeamCountry "CZE"]
[BlackTeamCountry "CZE"]

1. e4 c6 2. Nc3 d5 3. Nf3 Bg4 4. h3 Bxf3 5. Qxf3 e6 6. d4 Nf6 7. Bd3 dxe4 8. Nxe4 Qxd4 9. c3 Qd8 10. Nxf6+ Qxf6 11. Qg3 Nd7 12. 0-0 Rc8 13. Bg5 Qe5 14. f4 Qc5+ 15. Kh1 h6 16. Bh4 Nf6 17. Rae1 Nh5 18. Qf3 Nf6 19. f5 e5 20. Qg3 Nd7 21. Re4 f6 22. Bc4 Qe7 23. Rd1 b5 24. Be6 Rc7 25. Qg6+ Kd8 26. Re2 h5 27. Red2 Rh6 28. Qg3 g5 29. Rxd7+ Rxd7 30. Rxd7+ Qxd7 31. Bxd7 gxh4 32. Qd3 Kc7 33. Be8 Rh7 34. Qf3 c5 35. Bxb5 Kb8 36. Qc6 Bh6 37. Qe8+ Kc7 38. Qxh5 c4 39. Qg6 Rh8 40. Qxf6 Rh7 41. Qxe5+ Kb7 42. f6 a6 43. Qe7+ 1-0

[Event "CZE-chT2E 0809"]
[Site "Czech Republic"]
[Date "2009.01.11"]
[Round "6.8"]
[White "Krejci, Jan"]
[Black "Riha, Otmar"]
[Result "1-0"]
[WhiteElo "2117"]
[BlackElo "1947"]
[PlyCount "85"]
[EventDate "2008.10.12"]
[EventType "team-tourn"]
[EventRounds "11"]
[EventCountry "CZE"]
[SourceTitle "EXT 2010"]
[Source "ChessBase"]
[SourceDate "2010.11.25"]
[SourceVersion "1"]
[SourceVersionDate "2010.11.25"]
[SourceQuality "1"]
[WhiteTeam "Litovel II"]
[BlackTeam "Brno Duras III"]
[WhiteTeamCountry "CZE"]
[BlackTeamCountry "CZE"]

1. Nf3 Nf6 2. c4 e6 3. g3 b6 4. Bg2 Bb7 5. 0-0 Be7 6. Nc3 0-0 7. Re1 d6 8. b3 Nbd7 9. Bb2 e5 10. Nxe5 Bxg2 11. Nxd7 Qxd7 12. Kxg2 d5 13. Nxd5 Nxd5 14. cxd5 Qxd5+ 15. Kg1 Rad8 16. d4 Bf6 17. e4 Qd7 18. e5 Be7 19. Qe2 Bb4 20. Red1 Qd5 21. Rac1 Rd7 22. Qc4 Qxc4 23. Rxc4 Be7 24. Rdc1 c5 25. dxc5 Bxc5 26. b4 Bxf2+ 27. Kxf2 Rd2+ 28. Ke3 Rxb2 29. R1c2 Rxc2 30. Rxc2 Re8 31. Kd4 Kf8 32. Rc7 Re7 33. Rc8+ Re8 34. Rxe8+ Kxe8 35. Kd5 Kd7 36. b5 h5 37. h4 f6 38. exf6 gxf6 39. a4 Ke7 40. Kc6 f5 41. Kb7 Kd6 42. Kxa7 Kc5 43. Ka6 1-0

[Event "CZE-chT2E 0809"]
[Site "Czech Republic"]
[Date "2008.12.21"]
[Round "5.8"]
[White "Riha, Otmar"]
[Black "Houzva, Viktor"]
[Result "0-1"]
[WhiteElo "1947"]
[BlackElo "2060"]
[PlyCount "78"]
[EventDate "2008.10.12"]
[EventType "team-tourn"]
[EventRounds "11"]
[EventCountry "CZE"]
[SourceTitle "EXT 2010"]
[Source "ChessBase"]
[SourceDate "2010.11.25"]
[SourceVersion "1"]
[SourceVersionDate "2010.11.25"]
[SourceQuality "1"]
[WhiteTeam "Brno Duras III"]
[BlackTeam "Olomouc"]
[WhiteTeamCountry "CZE"]
[BlackTeamCountry "CZE"]

1. d4 Nf6 2. Nf3 g6 3. c4 Bg7 4. Nc3 0-0 5. e4 d6 6. Be2 Nc6 7. 0-0 e5 8. d5 Ne7 9. Ne1 Ne8 10. f3 f5 11. g4 Nf6 12. Nd3 Bd7 13. b4 Qc8 14. Nf2 fxg4 15. fxg4 Rf7 16. Kg2 Qf8 17. c5 Nc8 18. Be3 Kh8 19. h4 a5 20. a3 axb4 21. axb4 Rxa1 22. Qxa1 Ne7 23. cxd6 cxd6 24. Rc1 h6 25. Nb5 Nexd5 26. exd5 Nxd5 27. Qa3 Rxf2+ 28. Bxf2 Nf4+ 29. Kf1 Nxe2 30. Kxe2 Bxb5+ 31. Ke1 Qf4 32. Rc8+ Kh7 33. Qb3 Qe4+ 34. Kd2 d5 35. Bc5 Qe2+ 36. Kc1 e4 37. Qxd5 Bb2+ 38. Kb1 Bd3+ 39. Ka2 Bc1+ 0-1

[Event "CZE-chT2E 0809"]
[Site "Czech Republic"]
[Date "2008.11.09"]
[Round "2.7"]
[White "Veznik, Petr"]
[Black "Riha, Otmar"]
[Result "1/2-1/2"]
[WhiteElo "1969"]
[BlackElo "1947"]
[PlyCount "26"]
[EventDate "2008.10.12"]
[EventType "team-tourn"]
[EventRounds "11"]
[EventCountry "CZE"]
[SourceTitle "EXT 2010"]
[Source "ChessBase"]
[SourceDate "2010.11.25"]
[SourceVersion "1"]
[SourceVersionDate "2010.11.25"]
[SourceQuality "1"]
[WhiteTeam "Postorna"]
[BlackTeam "Brno Duras III"]
[WhiteTeamCountry "CZE"]
[BlackTeamCountry "CZE"]

1. e4 e5 2. Nf3 Nf6 3. Nxe5 d6 4. Nf3 Nxe4 5. d4 d5 6. Bd3 Nc6 7. 0-0 Be7 8. h3 0-0 9. Bf4 Re8 10. Nbd2 Bf6 11. c3 Bf5 12. Qc2 Nxd2 13. Qxd2 Bxd3 1/2-1/2

[Event "Havlickuv Brod op-B"]
[Site "Havlickuv Brod"]
[Date "2005.09.24"]
[Round "1"]
[White "Riha, Otmar"]
[Black "Kotan, Ladislav"]
[Result "1/2-1/2"]
[WhiteElo "1975"]
[BlackElo "2363"]
[PlyCount "81"]
[EventDate "2005.09.24"]
[EventType "swiss"]
[EventRounds "9"]
[EventCountry "CZE"]
[SourceTitle "CBM 108 Extra"]
[Source "ChessBase"]
[SourceDate "2005.11.04"]
[SourceVersion "1"]
[SourceVersionDate "2005.11.04"]
[SourceQuality "1"]

1. d4 d5 2. Nf3 Nf6 3. c4 e6 4. Nc3 Be7 5. Bg5 h6 6. Bh4 0-0 7. e3 b6 8. Bd3 Bb7 9. 0-0 Nbd7 10. Rc1 c5 11. Qe2 a6 12. a4 Ne4 13. Bxe7 Qxe7 14. Rfd1 Rfd8 15. Ne5 f5 16. cxd5 Nxe5 17. dxe5 exd5 18. f4 Qe6 19. Nxe4 fxe4 20. Bb1 Rac8 21. Ba2 Kh8 22. Qd2 a5 23. h3 Qe8 24. b3 d4 25. exd4 Rxd4 26. Qe2 Rcd8 27. Bb1 Ba6 28. Qe1 Bd3 29. g3 Qe6 30. Bxd3 exd3 31. Rc3 Qxh3 32. Rd2 Kg8 33. Qe3 Qf5 34. Rc4 h5 35. Qf3 Rxc4 36. bxc4 Rd4 37. Qa8+ Kh7 38. Qf3 Kg8 39. Qa8+ Qf8 40. Qf3 Qf5 41. Qa8+ 1/2-1/2